Sin rumbo | Na ve' Nad (Registro nro. 807)
[ vista simple ]
| 000 -CABECERA | |
|---|---|
| fixed length control field | 00332nam a22001337a 4500 |
| 001 - NUMERO DE CONTROL | |
| control field | 60525 |
| 003 - CONTROL NUMBER IDENTIFIER | |
| control field | AR-BeUNQ |
| 005 - FECHA Y HORA DE LA ULTIMA TRANSACCION | |
| control field | 20230322124014.0 |
| 245 01 - MENCION DE TITULO | |
| Título | Sin rumbo |
| Otra información sobre el título | Na ve' Nad |
| Mención de responsabilidad, etc | Simja, Sneh |
| Medio físico | libro |
| 250 01 - MENCION DE EDICION | |
| Mención de edición | 1 a ed. |
| 260 01 - PUBLICACION, DISTRIBUCION, ETC. | |
| Lugar de publicación, distribución, etc. | CABA |
| Nombre del editor, distribuidor, etc. | Biblioteca Nacional |
| Fecha de publicación, distribución, etc | 2015 |
| 500 ## - NOTA GENERAL | |
| Nota general | Compilación, segunda Guerra Mundial, Memorias |
| 942 01 - ELEMENTOS DE PUNTO DE ACCESO ADICIONAL (KOHA) | |
| Tipo de ítem Koha | Libros |
| Estado de retiro | Estado de pérdida | No para préstamo | Ubicación permanente | Ubicación actual | Ubicación en estantería | Fecha de ingreso | Total Checkouts | Signatura topográfica completa | Inventario | Date last seen | Tipo de ítem Koha |
|---|---|---|---|---|---|---|---|---|---|---|---|
| Biblioteca ESET - UNQ | Biblioteca ESET - UNQ | CIRCULACION | 01/09/2022 | 940/SIM | 60525 | 22/03/2023 | Libros |